000
00306nam a22001337a 4500
008
170316b xxu||||| |||| 00| 0 eng d
020
_a
9780444520036
041
_a
eng
080
_2
3RD
_a
616.8
100
_a
7
101
_a
SHM
245
_a
HANDBOOK OF CLINICAL NEUROLOGY
_c
AMINOFF, M.J
942
_2
udc
_c
BK
999
_c
7980
_d
7980